| 000 | 00365nam a2200133Ia 4500 | ||
|---|---|---|---|
| 008 | 240624s9999 xx 000 0 und d | ||
| 041 | _aeng | ||
| 082 | _a352.3 JUL | ||
| 100 | _aJULNES PATRIA DE LANCER | ||
| 245 | _aPERFORMANCE MEASUREMENT BUILDING THEORY | ||
| 260 |
_c2009 _aNew Delhi _bPrentice-Hall of India |
||
| 300 | _a195 : p. : cm. ; 20 | ||
| 365 |
_cRS _b30 |
||
| 999 |
_c13886 _d13886 |
||